The disciple's manual (Record no. 9504)

MARC details
000 -LEADER
fixed length control field 00480nam a22001937a 4500
003 - CONTROL NUMBER IDENTIFIER
control field GBCCL
005 - DATE AND TIME OF LATEST TRANSACTION
control field 20241126110713.0
008 - FIXED-LENGTH DATA ELEMENTS--GENERAL INFORMATION
fixed length control field 230214b ||||| |||| 00| 0 eng d
020 ## - INTERNATIONAL STANDARD BOOK NUMBER
International Standard Book Number 9789381016596
040 ## - CATALOGING SOURCE
Transcribing agency gbc
082 ## - DEWEY DECIMAL CLASSIFICATION NUMBER
Classification number 248
Item number MAC
100 ## - MAIN ENTRY--PERSONAL NAME
Personal name MacDonald, William
9 (RLIN) 3205
245 ## - TITLE STATEMENT
Title The disciple's manual
250 ## - EDITION STATEMENT
Edition statement 2nd Indian ed.
260 ## - PUBLICATION, DISTRIBUTION, ETC.
Place of publication, distribution, etc. Chennai :
Name of publisher, distributor, etc. Moriah ministries,
Date of publication, distribution, etc. 2020
300 ## - PHYSICAL DESCRIPTION
Extent 398p. ;
650 ## - SUBJECT ADDED ENTRY--TOPICAL TERM
Topical term or geographic name entry element Christian life
9 (RLIN) 183
942 ## - ADDED ENTRY ELEMENTS (KOHA)
Source of classification or shelving scheme Dewey Decimal Classification
Koha item type Books
Koha issues (borrowed), all copies 7
Holdings
Withdrawn status Lost status Source of classification or shelving scheme Damaged status Not for loan Home library Current Library Shelving location Date acquired Total checkouts Full call number Barcode Date last seen Date last checked out Copy number Price effective from Koha item type
    Dewey Decimal Classification     GRACE BIBLE COLLEGE GRACE BIBLE COLLEGE Ministry & Mission 2023-02-14 6 248 MAC 015979 2025-11-11 2025-11-05 c.1 2023-02-14 Books
    Dewey Decimal Classification     GRACE BIBLE COLLEGE GRACE BIBLE COLLEGE Ministry & Mission 2024-01-23 6 248 MAC 016447 2026-03-13 2026-03-10 c.2 2024-01-23 Books
© Grace Bible College Library 2025